| 000 | 00574nam a2200205 a 4500 | ||
|---|---|---|---|
| 005 | 20221112063444.0 | ||
| 008 | 991125s1968 mx 000 0 spa u | ||
| 035 | _aUPN01000025461 | ||
| 049 | _aCG | ||
| 050 | 4 |
_aRC341 _bA8.38 |
|
| 100 | 1 | _aAsratian, Ezras | |
| 245 | 1 | 3 |
_aLa función del cerebro / _cEzras Asratian, Pavel Simanov ; tr. Madalena Sancho. |
| 260 |
_aMéxico : _bGrijalbo, _c1968. |
||
| 300 |
_a171 p. : _bil. |
||
| 440 | 0 | _aDina | |
| 650 | 2 |
_aNeurología _915960 |
|
| 650 | 4 |
_aPsicofisiología _9452 |
|
| 700 | 1 |
_aSimanov, Pavel, _ecoaut. |
|
| 905 | _aLibro | ||
| 999 |
_c25461 _d25461 |
||